000 00355 a2200157 4500
001 56855
020 _a8508097182
040 _cAnchieta - Pituba
100 _aGomes, Álvaro Cardoso
240 1 0 _aEste amor veio pra ficar
_lpor
245 1 0 _aEste amor veio pra ficar
300 _a183
362 0 _a2005
650 4 _aLiteratura juvenil
942 _cBK
999 _c56855
_d56855